[Event "PRO League Group Stage"]
[Site "chess.com INT"]
[Date "2019.01.29"]
[Round "4"]
[White "Shankland,S"]
[Black "Nakamura,Hi"]
[Result "0-1"]
[WhiteElo "2725"]
[BlackElo "2749"]

1.d4 Nf6 2.c4 e6 3.Nc3 Bb4 4.Qc2 O-O 5.Bg5 c5 6.dxc5 Na6 7.a3 Bxc3+ 8.Qxc3 Nxc5
9.Bxf6 Qxf6 10.Qxf6 gxf6 11.Rd1 b6 12.e3 Rd8 13.Ne2 Bb7 14.Nf4 Kf8 15.f3 a5
16.e4 a4 17.Kf2 Ke7 18.Be2 Rac8 19.Rc1 Ba6 20.Rc3 Rc7 21.Nd3 Nb3 22.Nb4 Bb7
23.Bd1 Nc5 24.Bc2 Ra8 25.g4 h5 26.h3 Rh8 27.Kg2 Rcc8 28.Rd1 hxg4 29.hxg4 Rh6
30.Rh1 Rxh1 31.Kxh1 Kd6 32.Kg2 Ke5 33.Kf2 Kf4 34.Nd3+ Nxd3+ 35.Bxd3 Rh8 36.Bf1 Rc8
37.Be2 Bc6 38.Rc1 Rh8 39.Bf1 Rh2+ 40.Bg2 f5 41.gxf5 exf5 42.Rf1 Rh8 43.Rd1 fxe4
44.fxe4 f5 45.exf5 Rh2 46.Rg1 Kxf5 47.Kf1 Rxg2 48.Rxg2 Bxg2+ 49.Kxg2 Ke4  0-1

[Event "PRO League Group Stage"]
[Site "chess.com INT"]
[Date "2019.01.29"]
[Round "4"]
[White "Nakamura,Hi"]
[Black "Iturrizaga,E"]
[Result "1/2-1/2"]
[WhiteElo "2749"]
[BlackElo "2637"]

1.d4 Nf6 2.c4 e6 3.Nf3 b6 4.g3 Bb7 5.Bg2 Be7 6.O-O O-O 7.Re1 c5 8.d5 exd5
9.Nh4 Ne4 10.cxd5 Bxh4 11.Bxe4 Bf6 12.Nc3 d6 13.Bg2 Re8 14.Bf4 Na6 15.Ne4 Be7
16.g4 Nc7 17.Ng3 Bg5 18.Bxg5 Qxg5 19.e4 Bc8 20.h3 Nb5 21.Qc1 Qxc1 22.Raxc1 Nd4
23.f4 f6 24.Kf2 a5 25.Bf1 Bd7 26.Bd3 g6 27.Re3 Re7 28.Ne2 Nxe2 29.Bxe2 Rae8
30.Bf3 g5 31.Kg3 gxf4+ 32.Kxf4 Re5 33.h4 Kg7 34.b3 Rb8 35.a3 Be8 36.b4 Re7
37.Rb3 cxb4 38.axb4 a4 39.Rbc3 Ra8 40.Ra3 Bb5 41.Bd1 Rae8 42.Re3 Ra8 43.Rcc3 Raa7
44.Be2 a3 45.Bxb5 a2 46.Re1 Rxe4+ 47.Kxe4 Re7+ 48.Kf5 Rxe1 49.Rc7+  1/2-1/2

[Event "PRO League Group Stage"]
[Site "chess.com INT"]
[Date "2019.01.29"]
[Round "4"]
[White "Caruana,F"]
[Black "Nakamura,Hi"]
[Result "1/2-1/2"]
[WhiteElo "2828"]
[BlackElo "2749"]

1.e4 e5 2.Nf3 Nc6 3.Bb5 Nf6 4.d3 Bc5 5.Bxc6 dxc6 6.Nbd2 Be6 7.O-O Bd6 8.b3 O-O
9.Nc4 Nd7 10.a4 Bxc4 11.bxc4 a5 12.Bg5 Be7 13.Be3 b6 14.h3 Bd6 15.g3 Be7
16.h4 Re8 17.h5 h6 18.Kg2 Rf8 19.Nh2 Bc5 20.Ng4 Qe7 21.Bd2 Qe6 22.Qe2 f5
23.exf5 Rxf5 24.f4 Raf8 25.Rae1 Rxh5 26.fxe5 Rhf5 27.Rxf5 Rxf5 28.Bc3 h5
29.Ne3 Bxe3 30.Qxe3 c5 31.Qe4 Nf8 32.Qd5 Rf7 33.Bd2 Rd7 34.Qf3 Qg6 35.Qa8 Re7
36.Bf4 Re8 37.Qe4 Qxe4+ 38.Rxe4 Ne6 39.Be3 g5 40.c3 Rd8 41.d4 c6 42.Bf2 Kf7
43.Re1 cxd4 44.cxd4 Nxd4 45.Rb1 Ne6 46.Rxb6 c5 47.Rb5 Rd2 48.Rxa5 Rc2 49.Ra7+ Kg6
50.a5 Rxc4 51.a6 Ra4 52.Ra8 Nc7  1/2-1/2

[Event "PRO League Group Stage"]
[Site "chess.com INT"]
[Date "2019.01.29"]
[Round "4"]
[White "Nakamura,Hi"]
[Black "Salem,AR"]
[Result "1/2-1/2"]
[WhiteElo "2749"]
[BlackElo "2672"]

1.Nf3 c5 2.e3 Nf6 3.b3 g6 4.Bb2 Bg7 5.d4 cxd4 6.Nxd4 O-O 7.Be2 d5 8.O-O Re8
9.c4 e5 10.Nc2 Nc6 11.Nc3 dxc4 12.Qxd8 Rxd8 13.Bxc4 Bf5 14.Na3 a6 15.Be2 b5
16.Nab1 Nb4 17.a3 Nd3 18.Bxd3 Rxd3 19.b4 Rb8 20.a4 bxa4 21.Nxa4 Nd7 22.Bc3 Rc8
23.Ra3 Bf8 24.Nb2 Rd5 25.f3 Bxb1 26.Rxb1 a5 27.Rb3 axb4 28.Bxb4 Bxb4 29.Rxb4 Rc2
30.Nc4 Nc5 31.h4 Kg7 32.Kh2 Nd3 33.Ra4 Nc5 34.Rab4 Nd3 35.Ra4 Nc5 36.Rab4  1/2-1/2

[Event "PRO League Group Stage"]
[Site "chess.com INT"]
[Date "2019.01.29"]
[Round "4"]
[White "Nakamura,Hi"]
[Black "Corrales Jimenez,F"]
[Result "1-0"]
[WhiteElo "2749"]
[BlackElo "2559"]

1.Nf3 Nf6 2.b3 g6 3.d4 Bg7 4.Bb2 d5 5.e3 O-O 6.c4 c5 7.dxc5 Na6 8.c6 bxc6
9.Be2 Nc5 10.O-O Nce4 11.Nc3 Nxc3 12.Bxc3 Bg4 13.h3 Bxf3 14.Bxf3 e6 15.Rc1 Qb6
16.Qc2 Nd7 17.Bd2 Rfd8 18.Be2 a5 19.Rfd1 d4 20.c5 Qa7 21.exd4 Bxd4 22.Bg5 Bxc5
23.Bxd8 Rxd8 24.Bf3 Ba3 25.Rb1 Be7 26.Qxc6 Kg7 27.Qc3+ Bf6 28.Qe3 Qb8 29.a3 Ne5
30.Rxd8 Qxd8 31.Be2 h5 32.b4 axb4 33.axb4 Qd5 34.b5 Qa2 35.Rd1 Qb2 36.f4 h4
37.fxe5 Bxe5 38.b6 Kh7 39.b7 Bb8 40.Bf3 Qa2 41.Qe4 Qa7+ 42.Qd4  1-0

[Event "PRO League Group Stage"]
[Site "chess.com INT"]
[Date "2019.01.30"]
[Round "4"]
[White "Xiong,Jeffery"]
[Black "Nakamura,Hi"]
[Result "1/2-1/2"]
[WhiteElo "2672"]
[BlackElo "2749"]

1.e4 c5 2.Nf3 d6 3.Bb5+ Bd7 4.c4 a6 5.Bxd7+ Nxd7 6.Nc3 Ne5 7.O-O Nf6 8.Nxe5 dxe5
9.d3 e6 10.f4 exf4 11.Bxf4 Qd7 12.e5 Ng8 13.Ne4 O-O-O 14.Bg5 Qd4+ 15.Kh1 Rd7
16.Qa4 Nh6 17.Bxh6 gxh6 18.Rxf7 Be7 19.Nd6+ Kc7 20.Raf1 Qxb2 21.Qa5+ Kb8
22.Qxc5 Bxd6 23.exd6 Rxf7 24.Rxf7 Qb1+ 25.Qg1 Qxd3 26.c5 Rc8 27.h3 Qd5 28.Qb1 Rxc5
29.d7 Kc7 30.Qxb7+  1/2-1/2

[Event "PRO League Group Stage"]
[Site "chess.com INT"]
[Date "2019.01.30"]
[Round "4"]
[White "Nakamura,Hi"]
[Black "Movsesian,S"]
[Result "1/2-1/2"]
[WhiteElo "2749"]
[BlackElo "2629"]

1.Nf3 d5 2.b3 Bg4 3.Bb2 Nd7 4.d4 e6 5.Nbd2 Ngf6 6.h3 Bh5 7.e3 Be7 8.c4 c6
9.Bd3 O-O 10.O-O a6 11.Re1 Rc8 12.c5 Qc7 13.Qc2 Bg6 14.Bxg6 hxg6 15.b4 Rfe8
16.a4 b6 17.a5 bxc5 18.bxc5 Rb8 19.Bc3 Rb5 20.Reb1 Reb8 21.Ne1 Bd8 22.Nd3 Rxb1+
23.Rxb1 Rxb1+ 24.Qxb1 Qb8 25.Qxb8 Nxb8 26.f3 Ne8 27.Nb2 Nc7 28.Nb3 Nb5 29.Be1 Bc7
30.Nd3 g5 31.g4 f6 32.Kg2 Kf7 33.f4 gxf4 34.exf4 Na3 35.h4 Nc4 36.h5 Nd7
37.Bc3 g6 38.h6 g5 39.fxg5 fxg5 40.Nd2 Kg6 41.Kf3 Nxd2+ 42.Bxd2 Kxh6 43.Bc3 Kg6
44.Nb4 Bxa5 45.Nxd5 Bxc3 46.Nxc3 e5 47.d5 cxd5 48.c6 Nb6 49.c7 d4 50.Nd5 Nc8
51.Ke4 Kf7 52.Kxe5 d3 53.Nc3 Ke7 54.Ne4 Kd7 55.Kd4 Kxc7 56.Kxd3  1/2-1/2

[Event "PRO League Group Stage"]
[Site "chess.com INT"]
[Date "2019.02.20"]
[Round "7"]
[White "Nakamura,Hi"]
[Black "Smirnov,Ant"]
[Result "1-0"]
[WhiteElo "2749"]
[BlackElo "2569"]

1.f4 d5 2.Nf3 g6 3.g3 Bg7 4.Bg2 Nf6 5.O-O O-O 6.d3 c5 7.c3 Nc6 8.Qc2 Re8
9.e4 b5 10.Ne5 Bb7 11.Nxc6 Bxc6 12.e5 Nd7 13.d4 cxd4 14.cxd4 Qb6 15.Be3 e6
16.Nd2 b4 17.Rfc1 Rec8 18.Nb3 a5 19.Qf2 Qb7 20.g4 a4 21.Nc5 Nxc5 22.dxc5 f6
23.exf6 Bxf6 24.Bd4 Qg7 25.Bxf6 Qxf6 26.Re1 Rf8 27.g5 Qf5 28.Qd2 Rae8 29.Rf1 b3
30.axb3 axb3 31.Rae1 Bb5 32.Rf2 Bc4 33.Qd4 Re7 34.Rf3 Qg4 35.h3 Qf5 36.Kh2 Qf7
37.h4 Rfe8 38.Re5 Qg7 39.Bh3 h6 40.gxh6 Qxh6 41.h5 gxh5 42.Rg3+ Rg7 43.Rxg7+ Kxg7
44.Rxe6+  1-0

[Event "PRO League Group Stage"]
[Site "chess.com INT"]
[Date "2019.02.20"]
[Round "7"]
[White "Naroditsky,D"]
[Black "Nakamura,Hi"]
[Result "1/2-1/2"]
[WhiteElo "2616"]
[BlackElo "2749"]

1.Nf3 h6 2.e4 e6 3.d4 d5 4.Nbd2 Nf6 5.Bd3 c5 6.e5 Nfd7 7.c3 Nc6 8.O-O g5
9.dxc5 Nxc5 10.Bc2 Bg7 11.Re1 Nd7 12.Nb3 Qc7 13.Nbd4 Ndxe5 14.Nxe5 Bxe5 15.Nb5 Qb8
16.f4 gxf4 17.Qh5 Bd7 18.Rxe5 Qxe5 19.Qxe5 Nxe5 20.Nc7+ Ke7 21.Nxa8 Rxa8
22.Bxf4 f6 23.Bxh6 Rg8 24.Bf4 Bc6 25.Bg3 Nc4 26.b3 Na3 27.Bd1 Nb5 28.Rc1 e5
29.Bf3 d4 30.Bxc6 bxc6 31.cxd4 Nxd4 32.Kf1 Kd6 33.Bf2 c5 34.Rc4 f5 35.b4 cxb4
36.Rxb4 Nc6 37.Rb3 f4 38.g3 fxg3 39.Rxg3 Rxg3  1/2-1/2

[Event "PRO League Group Stage"]
[Site "chess.com INT"]
[Date "2019.02.20"]
[Round "7"]
[White "Nakamura,Hi"]
[Black "Caruana,F"]
[Result "1/2-1/2"]
[WhiteElo "2749"]
[BlackElo "2828"]

1.e4 e5 2.Nf3 Nf6 3.Nxe5 d6 4.Nd3 Nxe4 5.Qe2 Qe7 6.Nf4 Nc6 7.Nd5 Nd4 8.Nxe7 Nxe2
9.Bxe2 Bxe7 10.d3 Nf6 11.O-O O-O 12.Re1 Re8 13.Bf3 c6 14.Nd2 d5 15.Nb3 Bd6
16.Bd2 Bd7 17.Bc3 b6 18.a4 a5 19.Bd4 Rab8 20.Nd2 Rxe1+ 21.Rxe1 Ng4 22.h3 Nh6
23.b3 Nf5 24.Bc3 Bc5 25.Bg4 f6 26.Nf3 Rd8 27.Bxf5 Bxf5 28.Bd4 Kf7 29.Bxc5 bxc5
30.g4 Bd7 31.Kg2 Rb8 32.Nd2 Rb4 33.c4 Be6 34.f4 g6 35.Kg3 Rb8 36.Rc1 Rc8
37.Rc3 Ke7 38.Rc1 Kd6 39.Rd1 Bf7 40.Re1 Rb8 41.Re3 Rb7 42.Re1 Rb8 43.Kf2 Be6
44.Kg3 Bf7 45.Re3 Rb7 46.Kf2 Rb8 47.Kg3  1/2-1/2

[Event "PRO League Group Stage"]
[Site "chess.com INT"]
[Date "2019.02.20"]
[Round "7"]
[White "Adhiban,Baskaran"]
[Black "Nakamura,Hi"]
[Result "0-1"]
[WhiteElo "2689"]
[BlackElo "2749"]

1.Nf3 h6 2.e4 e6 3.d4 d5 4.Nc3 Nf6 5.Bd3 Bb4 6.exd5 exd5 7.O-O O-O 8.Ne2 Bd6
9.Ng3 Re8 10.Ne5 Bxe5 11.dxe5 Rxe5 12.Bf4 Re8 13.Qd2 Nbd7 14.Bxh6 gxh6 15.Qxh6 Nf8
16.h3 Qd6 17.Qg5+ Kh8 18.Rae1 Bd7 19.Qh4+ N6h7 20.Nh5 c5 21.Bxh7 Nxh7 22.f4 Bf5
23.g4 Bg6 24.Rxe8+ Rxe8 25.Ng3 Bxc2 26.g5 d4 27.Nh5 Re2 28.f5 Qh2+  0-1

[Event "PRO League Group Stage"]
[Site "chess.com INT"]
[Date "2019.02.20"]
[Round "7"]
[White "Nakamura,Hi"]
[Black "Adly,A"]
[Result "1-0"]
[WhiteElo "2749"]
[BlackElo "2611"]

1.e4 c5 2.Nf3 Nf6 3.e5 Nd5 4.Nc3 Nxc3 5.dxc3 Nc6 6.Bc4 e6 7.Bf4 Qc7 8.Qd2 h6
9.h4 b6 10.O-O-O Rb8 11.Bd3 b5 12.Be4 Na5 13.g3 b4 14.cxb4 cxb4 15.b3 Bb7
16.Rhe1 Bc5 17.Kb1 Nc6 18.Qe2 Ne7 19.Nd2 Nd5 20.Bxd5 Bxd5 21.Ne4 Qc6 22.Nxc5 Qxc5
23.Be3 Qc6 24.Qg4 Be4 25.Rd2 Rc8 26.Rc1 Rh7 27.f3 Bxf3 28.Qxb4 a6 29.Kb2 f5
30.Rd6 Qe4 31.Qxe4 Bxe4 32.c4 g5 33.hxg5 hxg5 34.Bxg5 Rh2+ 35.Rd2 Rxd2+ 36.Bxd2 Kf7
37.Bf4 Rh8 38.b4 Rh2+ 39.Kb3 Ke8 40.a4 Kd8 41.a5 Kc8 42.b5 Rh1 43.Rc3 Rb1+
44.Ka4 Kb7 45.Bc1 Kb8 46.Ba3 Kb7 47.Bc5 Ra1+ 48.Ba3 Rd1 49.Kb4 Rd3 50.Rc1 Rxg3
51.Bb2 Rd3 52.Rg1 f4 53.Rg4 Rf3 54.Bc1 Bc2 55.Rg7 Kc7 56.Rf7 Bf5 57.bxa6 Rf1
58.a7 Be4 59.Bxf4 Rb1+ 60.Kc5 Ra1 61.Bd2 Rd1 62.Bb4 Kb7 63.Bc3 Kxa7 64.Rf2 Ka6
65.Rb2 Rb1 66.Rd2 Bc6 67.Rd6 Rb8 68.Rd2 Rb3 69.Kd4 Rb8 70.Rh2 Rg8 71.Rb2 Rg3
72.Bb4 Ba4 73.Bc3 Rh3 74.Rb6+ Ka7 75.Bb4 Rh4+ 76.Kc3 Rh3+ 77.Kd4 Rh4+ 78.Kc5 Bb3
79.Kd6 Rd4+ 80.Kc7 Rxc4+ 81.Kxd7 Re4 82.Bd6 Bd5 83.Bc5 Rc4 84.Kd6 Ka8 85.Rb5 Rc2
86.Kc7 Bb7 87.a6 Rxc5+ 88.Rxc5 Bxa6 89.Ra5 Ka7 90.Ra3  1-0

[Event "PRO League Group Stage"]
[Site "chess.com INT"]
[Date "2019.02.20"]
[Round "7"]
[White "Nakamura,Hi"]
[Black "Le Quang Liem"]
[Result "1/2-1/2"]
[WhiteElo "2749"]
[BlackElo "2714"]

1.Nf3 d5 2.e3 Nf6 3.c4 e6 4.b3 Be7 5.Bb2 O-O 6.Nc3 c5 7.cxd5 exd5 8.d4 Nc6
9.Be2 Ne4 10.O-O Bf6 11.Rc1 cxd4 12.Nxe4 dxe4 13.Nxd4 Nxd4 14.Bxd4 Bxd4 15.Qxd4 Qxd4
16.exd4 Be6 17.Rc7 Rfc8 18.Rfc1 Kf8 19.f3 Rxc7 20.Rxc7 Rd8 21.Rxb7 Rxd4 22.Rxa7 e3
23.Kf1 Rd2 24.Ra4 Rb2 25.g4 Rb1+ 26.Kg2 Rb2 27.Kf1  1/2-1/2

[Event "PRO League Group Stage"]
[Site "chess.com INT"]
[Date "2019.02.20"]
[Round "7"]
[White "Ding Liren"]
[Black "Nakamura,Hi"]
[Result "1-0"]
[WhiteElo "2813"]
[BlackElo "2749"]

1.Nf3 h6 2.e4 e6 3.d4 d5 4.Nbd2 Nf6 5.e5 Nfd7 6.Bd3 c5 7.c3 Nc6 8.O-O g5
9.dxc5 Nxc5 10.Bb5 Nd7 11.Re1 Bg7 12.c4 a6 13.Ba4 O-O 14.cxd5 exd5 15.Bxc6 bxc6
16.Nb3 Re8 17.Nbd4 Nc5 18.Be3 Ne4 19.Nxc6 Qd7 20.Rc1 Bb7 21.Na5 Qb5 22.Nxb7 Qxb7
23.Bd4 Rac8 24.h3 Bf8 25.Rxc8 Rxc8 26.h4 g4 27.Nh2 h5 28.Nf1 Be7 29.g3 Nc5
30.Ne3 Ne6 31.Nf5 Qd7 32.Qd3 Bf8 33.Rd1 Rc6 34.Bc3 Nc7 35.Ne3 Rc5 36.Bb4 Rb5
37.Bxf8 Kxf8 38.Qh7 Qe6 39.Qxh5 Rxb2 40.Rc1 d4  1-0

[Event "Champions Showdown Rapid"]
[Site "Saint Louis USA"]
[Date "2019.02.21"]
[Round "8.2"]
[White "Nakamura,Hi"]
[Black "Duda,J"]
[Result "1/2-1/2"]
[WhiteElo "2749"]
[BlackElo "2731"]

1.c4 e6 2.Nc3 d5 3.d4 Bb4 4.cxd5 exd5 5.Bf4 Nf6 6.e3 O-O 7.Bd3 c5 8.Ne2 Bg4
9.O-O cxd4 10.exd4 Nc6 11.f3 Bh5 12.a3 Be7 13.Rc1 Bg6 14.Bxg6 hxg6 15.Na4 Rc8
16.b4 Nh5 17.Be3 Bg5 18.f4 Bh4 19.f5 Ne7 20.fxg6 Nxg6 21.Rxc8 Qxc8 22.Qd3 Re8
23.Nac3 Qe6 24.Bd2 Bd8 25.Qf5 Nf6 26.Bg5 Qxf5 27.Rxf5 Ne7 28.Rf2 Ne4 29.Bxe7 Bxe7
30.Rf5 Nxc3 31.Nxc3 Bf6 32.Nxd5 Bxd4+ 33.Kf1 f6 34.Rf3 Rd8 35.Ne3 Kf7 36.Ke2 b5
37.h4 Bb2 38.Nd1 Bd4 39.Rd3 Ke6 40.Nc3 a6 41.a4 bxa4 42.Nxa4 Kd5 43.Nb6+ Kc6
44.Nc4 Kb5 45.Ne3 Kxb4 46.Nf5 Kc4 47.Ra3 g6 48.Nxd4 Rxd4 49.Rxa6 Kd5 50.Rxf6 Ke5
51.Rxg6 Rxh4 52.Kf3 Rf4+ 53.Kg3 Ra4 54.Rg4 Ra8 55.Rf4 Rg8+ 56.Rg4 Ra8 57.Rf4 Rg8+
58.Kf3 Rxg2 59.Re4+ Kd5 60.Kxg2 Kxe4  1/2-1/2

[Event "PRO League Group Stage"]
[Site "chess.com INT"]
[Date "2019.03.13"]
[Round "10"]
[White "Nakamura,Hi"]
[Black "Mamedyarov,S"]
[Result "1/2-1/2"]
[WhiteElo "2749"]
[BlackElo "2817"]

1.g4 d5 2.Bg2 Bxg4 3.c4 c6 4.Qb3 Qd7 5.cxd5 Nf6 6.Nc3 cxd5 7.Nxd5 Nc6 8.d3 Nxd5
9.Qxd5 e5 10.Qxd7+ Kxd7 11.Nf3 Bxf3 12.exf3 Bd6 13.Be3 Nb4 14.Kd2 f5 15.f4 exf4
16.Bd4 Nc6 17.Bc3 Rhe8 18.h4 g6 19.Rag1 Bc5 20.Rh2 Kc7 21.Bxc6 Kxc6 22.h5 Re6
23.hxg6 hxg6 24.Rh6 Bxf2 25.Rgxg6 Rxg6 26.Rxg6+ Kd5 27.Rf6 Be3+ 28.Ke2 Rg8
29.Rxf5+ Ke6 30.Rf6+ Kd5 31.Rf5+ Ke6 32.Re5+ Kd6 33.Kf3 Bd2 34.Bd4 Be3 35.Bc3 Bd2
36.Ra5 Rg3+ 37.Ke4 Re3+ 38.Kd4 Re2 39.Bxd2 Rxd2 40.Kc3 Rd1 41.Rf5 Rf1 42.Kd4 Rf2
43.b3  1/2-1/2

[Event "PRO League Group Stage"]
[Site "chess.com INT"]
[Date "2019.03.13"]
[Round "10"]
[White "Nakamura,Hi"]
[Black "Corrales Jimenez,F"]
[Result "0-1"]
[WhiteElo "2749"]
[BlackElo "2559"]

1.Nf3 c5 2.b3 Nc6 3.Bb2 d5 4.e3 Nf6 5.Bb5 g6 6.c4 dxc4 7.Ne5 Bd7 8.Nxc6 Bxc6
9.Bxc6+ bxc6 10.bxc4 Bg7 11.Qc2 O-O 12.O-O Qd6 13.Nc3 Rfd8 14.Rad1 Ng4 15.f4 Qd3
16.Qc1 Rab8 17.h3 Nf6 18.Ba3 Qxc4 19.d4 cxd4 20.Bxe7 Nd5 21.Nxd5 Qxc1 22.Rxc1 Rxd5
23.exd4 Bxd4+ 24.Kh2 c5 25.Rc2 f6 26.Rfc1 Rc8 27.Re2 Kf7 28.Rce1 Rd7 29.f5 Re8
30.Bxc5 Rxe2 31.fxg6+ hxg6 32.Rxe2 Bxc5 33.Kg3 Rd3+ 34.Kf4 Rd4+ 35.Kf3 Ra4
36.Rc2 Bb6 37.g3 f5 38.h4 Kg7 39.Rd2 Kh6 40.Kg2 Ra3 41.Rc2 Kh5 42.Rc4 Rd3
43.a4 Bd4 44.Rc7  0-1

[Event "PRO League Group Stage"]
[Site "chess.com INT"]
[Date "2019.03.13"]
[Round "10"]
[White "Wang Yue"]
[Black "Nakamura,Hi"]
[Result "1/2-1/2"]
[WhiteElo "2684"]
[BlackElo "2749"]

1.d4 Na6 2.e4 c6 3.Nc3 Nc7 4.Nf3 d5 5.Bd3 dxe4 6.Nxe4 Nf6 7.Nxf6+ exf6 8.O-O Bd6
9.Re1+ Be6 10.c4 O-O 11.Qc2 g6 12.Bh6 Re8 13.h3 Bf8 14.Bxf8 Kxf8 15.b4 Kg7
16.a4 b5 17.axb5 cxb5 18.cxb5 Nd5 19.Qd2 Qd6 20.Be4 Rab8 21.Bxd5 Bxd5 22.Rxe8 Rxe8
23.Rxa7 Bxf3 24.gxf3 Qd5 25.Kg2 Qxb5 26.Ra5 Qd7 27.d5 Qd6 28.Rc5 Re5 29.h4 Rf5
30.Qc3 Rf4 31.Rc4 Rf5 32.Rd4 Rxd5 33.Rxd5 Qxd5 34.Qb2 Qb5 35.Qd4 h5 36.f4 Qc6+
37.Kg3 Qh1 38.f3 Qe1+ 39.Kh3 Qe2 40.Kg3 Qf1 41.Qd2 Qb5 42.Qb2 Kg8 43.Kg2 Kg7
44.Kg3 Kg8 45.Kg2 Qb8 46.b5 Qb6 47.Qb4 Kg7 48.Qc4 Qe3 49.Qb4 Qb6 50.Qb2 Kf8
51.Qb4+ Ke8 52.Qe4+ Kf8 53.Qb4+ Kg8 54.Qc4 Kg7 55.Qc6 Qe3 56.b6 Qd2+ 57.Kf1 Qd1+
58.Kf2 Qd2+ 59.Kf1 Qd3+ 60.Kf2 Qd4+ 61.Ke2 Qb2+ 62.Ke3 Qa3+ 63.Kd4 Qa6 64.Kc5 Qa3+
65.Kb5 Qb3+ 66.Ka5 Qa3+ 67.Kb5 Qd3+ 68.Ka5 Qa3+ 69.Kb5 Qd3+ 70.Kb4 Qd2+ 71.Ka4 Qxf4+
72.Ka5 Qe5+ 73.Qb5 Qa1+ 74.Qa4 Qc3+ 75.Qb4 Qe5+ 76.Ka6 Qa1+ 77.Kb5 Qf1+ 78.Ka5 Qa1+
79.Qa4 Qc3+ 80.Ka6 Qd3+ 81.Ka7 Qe3 82.Ka6 Qd3+ 83.Qb5 Qa3+ 84.Qa5 Qd3+ 85.Ka7 Qe3
86.Ka8 Qe8+ 87.Ka7 Qe3 88.Qb5 g5 89.hxg5 fxg5 90.Qb2+ Kg8 91.Ka6 Qe6 92.Ka5 Qd5+
93.Qb5 Qa2+ 94.Qa4 Qd5+ 95.Qb5 Qa2+ 96.Qa4 Qd2+ 97.Ka6 Qd6 98.Ka7 Qc5 99.Ka6 Qd6
100.Qa5 f6 101.Ka7 Qd4 102.Ka6 Qd3+ 103.Ka7 Qd4 104.Ka6 Qd3+ 105.Ka7 Qd4
106.Ka6  1/2-1/2

[Event "PRO League Group Stage"]
[Site "chess.com INT"]
[Date "2019.03.13"]
[Round "10"]
[White "Nakamura,Hi"]
[Black "Sarana,A"]
[Result "1-0"]
[WhiteElo "2749"]
[BlackElo "2630"]

1.g4 d5 2.Bg2 c6 3.h3 h5 4.g5 e5 5.d3 Bd6 6.c4 Ne7 7.Nc3 Bc7 8.Qb3 d4 9.Ne4 Ba5+
10.Kf1 O-O 11.h4 Qc7 12.Qa3 Na6 13.Qd6 Bf5 14.Qxc7 Bxc7 15.Ng3 Bg4 16.Bf3 Bxf3
17.Nxf3 g6 18.Bd2 Kg7 19.b4 Nb8 20.Kg2 Nd7 21.Rhb1 a6 22.a4 Nf5 23.Ne4 Nd6
24.Nc5 Rfd8 25.Nxd7 Rxd7 26.Nxe5 Re7 27.Nf3 Rxe2 28.Kf1 Re7 29.Nxd4 Rd8 30.Bc3 Kg8
31.Re1 Red7 32.Nb3 b6 33.Nd4 c5 34.Nc6 Re8 35.b5 Ra8 36.Ne7+ Kf8 37.Nd5 Nf5
38.a5 bxa5 39.Nxc7 Rxc7 40.Rxa5 Nxh4 41.Rea1 Nf3 42.Bf6 Nd2+ 43.Kg2 Ke8 44.R5a3 Rd7
45.Re1+ Kf8 46.Re2 Nb1 47.Ra1 Rxd3 48.Rxb1 axb5 49.cxb5 Rb8 50.b6 Rd6 51.Be7+  1-0

[Event "PRO League Group Stage"]
[Site "chess.com INT"]
[Date "2019.03.13"]
[Round "10"]
[White "Nakamura,Hi"]
[Black "Brown,Michael William"]
[Result "1/2-1/2"]
[WhiteElo "2749"]
[BlackElo "2524"]

1.Nf3 d5 2.b3 Bf5 3.Bb2 e6 4.g3 Nf6 5.Nh4 Bg4 6.h3 Bh5 7.g4 Bg6 8.d3 c5 9.e3 Nc6
10.Bg2 Nd7 11.Nxg6 hxg6 12.Nd2 Qc7 13.c4 d4 14.Qe2 O-O-O 15.O-O-O dxe3 16.fxe3 Nde5
17.Ne4 f5 18.Nc3 a6 19.Kb1 Be7 20.Na4 fxg4 21.hxg4 Rxh1 22.Bxh1 Rh8 23.Be4 Rh4
24.d4 Nxg4 25.dxc5 Nf6 26.Bxg6 Ne5 27.Bc2 Bxc5 28.Nxc5 Qxc5 29.Qd2 Nc6 30.Qg2 Rg4
31.Qh2 Qxe3 32.Bc1 Qe5 33.Qh8+ Kc7 34.Bb2 Qe3 35.Bc1 Qe5 36.Qf8 Ne4 37.Qf7+ Kb8
38.Qf8+ Kc7 39.Qf7+ Kb8 40.Qe8+ Kc7 41.Bb2 Nc3+ 42.Ka1 Qa5 43.Qf7+ Kb8 44.Qf8+ Ka7
45.Qf2+ Kb8 46.Qf8+ Ka7 47.Qf2+ Kb8 48.Qf8+ Ka7  1/2-1/2

[Event "PRO League Group Stage"]
[Site "chess.com INT"]
[Date "2019.03.13"]
[Round "10"]
[White "Xiong,Jeffery"]
[Black "Nakamura,Hi"]
[Result "1-0"]
[WhiteElo "2672"]
[BlackElo "2749"]

1.d4 Nf6 2.Nf3 b5 3.e4 Nxe4 4.Bxb5 g6 5.O-O Bg7 6.Re1 Nf6 7.c4 O-O 8.Nc3 Bb7
9.h3 d6 10.Bg5 c6 11.Ba4 Nbd7 12.Qd2 c5 13.d5 Nb6 14.b3 Nxa4 15.Nxa4 Re8
16.Nc3 Qa5 17.Rac1 Rad8 18.Bh6 Bh8 19.Ng5 Bc8 20.Qf4 Qc7 21.Nce4 Bf5 22.Ng3 Bc8
23.Re3 e6 24.dxe6 fxe6 25.N5e4 Nxe4 26.Nxe4 Bb7 27.Nf6+ Bxf6 28.Qxf6 e5 29.Rd1 Rd7
30.Red3 Qd8 31.Qxd8 Rexd8 32.Bg5 Rf8 33.Rxd6 Be4 34.Rxd7  1-0

[Event "PRO League Group Stage"]
[Site "chess.com INT"]
[Date "2019.03.13"]
[Round "10"]
[White "Naroditsky,D"]
[Black "Nakamura,Hi"]
[Result "1-0"]
[WhiteElo "2616"]
[BlackElo "2749"]

1.Nf3 Nf6 2.g3 d5 3.Bg2 e6 4.O-O Be7 5.d3 b6 6.Nbd2 Bb7 7.e4 c5 8.Re1 Nc6
9.Qe2 Qc7 10.Nf1 d4 11.e5 Nd7 12.Bf4 h6 13.h4 O-O-O 14.N1d2 Nb4 15.Nc4 Nd5
16.Bd2 Nb8 17.a4 Ba6 18.c3 dxc3 19.bxc3 Nc6 20.a5 b5 21.Nd6+ Bxd6 22.exd6 Qxd6
23.c4 Nc7 24.cxb5 Nxb5 25.Rac1 g5 26.hxg5 hxg5 27.Bxg5 Nbd4 28.Nxd4 Nxd4
29.Qe4 Kd7 30.Bf4 Qd5 31.Qxd5+ exd5 32.Rxc5 Ne6 33.Rxd5+ Ke7 34.Bg5+ f6 35.Rxd8 Rxd8
36.Be3 Bxd3 37.Bxa7 Kf7 38.Bb6 Rd6 39.Rd1 Ke7 40.Bf1 Be4 41.Rxd6 Kxd6 42.a6 Ng5
43.f4 Nf3+ 44.Kf2 Nh2 45.Be2 f5 46.a7 Ng4+ 47.Ke1 Ba8 48.Bd3 Ke6 49.Kd2 Nf6
50.Bf2 Ne4+ 51.Ke3 Kd6 52.Bxe4 Bxe4 53.g4 Bc6 54.gxf5 Ke7 55.Bh4+ Kd6 56.Kd4 Bf3
57.f6 Ke6 58.Kc5 Bd5 59.f7 Kd7 60.Kxd5  1-0

[Event "Croatia GCT 2019"]
[Site "Zagreb CRO"]
[Date "2019.07.05"]
[Round "9.6"]
[White "Nakamura,Hi"]
[Black "Vachier Lagrave,M"]
[Result "1/2-1/2"]
[WhiteElo "2754"]
[BlackElo "2779"]

1.e4 c5 2.Nf3 d6 3.Bb5+ Nd7 4.Ba4 Nf6 5.O-O a6 6.c4 g6 7.Nc3 Bg7 8.d3 O-O
9.h3 Ne8 10.d4 Nc7 11.Bxd7 cxd4 12.Bxc8 dxc3 13.Bxb7 Rb8 14.bxc3 Rxb7 15.Be3 Bxc3
16.Rc1 Bb2 17.Rb1 Ne6 18.e5 Qc7 19.exd6 exd6 20.Qd5 Rbb8 21.Rfd1 Bf6 22.Rbc1 Rfd8
23.Nd2 Nc5 24.Ne4 Nxe4 25.Qxe4 Rb2 26.Qf3 Be5 27.Qd5 Re8 28.c5 dxc5 29.Rxc5 Qb8
30.Qc4 Rb1 31.Rd5 Rxd1+ 32.Rxd1 Rd8 33.Rxd8+ Qxd8 34.f4 Qc7 35.Qxa6 Bxf4
36.Bxf4 Qxf4 37.a4 Qd4+ 38.Kh1 Qa1+ 39.Kh2 Qe5+ 40.Kh1 Qe1+ 41.Kh2 Qe5+ 42.Kh1 Qe1+
43.Kh2  1/2-1/2

[Event "GCT Rapid Paris 2019"]
[Site "Paris FRA"]
[Date "2019.07.27"]
[Round "1.1"]
[White "Nakamura,Hi"]
[Black "Caruana,F"]
[Result "0-1"]
[WhiteElo "2754"]
[BlackElo "2819"]

1.d4 Nf6 2.c4 e6 3.Nc3 Bb4 4.e3 O-O 5.Bd3 c5 6.Ne2 d5 7.cxd5 exd5 8.O-O c4
9.Bc2 Nc6 10.a3 Ba5 11.f3 Re8 12.b3 cxb3 13.Bxb3 Bf5 14.g4 Bg6 15.Bd2 Rc8
16.Rc1 Bc7 17.g5 Nh5 18.f4 Ne7 19.Ba4 Rf8 20.Ng3 Nxg3 21.hxg3 Ba5 22.g4 Bd3
23.Rf2 Qd6 24.Be1 Qa6 25.Bb3 Bxc3 26.Bxc3 Be4 27.Bb4 Rxc1 28.Qxc1 Rc8 29.Qf1 Qb6
30.Qd1 Qc7 31.Rf1 a5 32.Bd2 Qd6 33.a4 h6 34.g6 Nxg6 35.Bxa5 Qa3 36.Bd2 Nh4
37.g5 Nf3+  0-1

[Event "GCT Blitz Paris 2019"]
[Site "Paris FRA"]
[Date "2019.08.01"]
[Round "18.2"]
[White "Nakamura,Hi"]
[Black "Dubov,Daniil"]
[Result "1-0"]
[WhiteElo "2754"]
[BlackElo "2700"]

1.c4 e6 2.Nc3 d5 3.d4 Bb4 4.cxd5 exd5 5.Bf4 Nf6 6.e3 c5 7.Bd3 Nc6 8.Ne2 c4
9.Bc2 O-O 10.Bg5 h6 11.Bh4 Be7 12.O-O Nd7 13.Bg3 Nf6 14.f3 Re8 15.e4 dxe4
16.fxe4 Bg4 17.d5 Bc5+ 18.Kh1 Nd4 19.Qd2 Nxe2 20.Nxe2 Nxe4 21.Bxe4 Rxe4 22.Nc3 Rd4
23.Qf2 Qd7 24.Be5 Rxd5 25.Qf4 Rd3 26.Ne4 Bd4 27.Rae1 Re8 28.Bxd4 Rxd4 29.Nf6+ gxf6
30.Rxe8+ Qxe8 31.Qxd4 Qe2 32.Qxf6 Be6 33.h3 Bd5 34.Rf2 Qe1+ 35.Kh2 Qe3 36.Rf4 Qe6
37.Rg4+ Kf8 38.Qd8+  1-0

[Event "chess.com Speed 2019"]
[Site "chess.com INT"]
[Date "2019.10.01"]
[Round "1.1"]
[White "Nakamura,Hi"]
[Black "Dobrov,V"]
[Result "1-0"]
[WhiteElo "2745"]
[BlackElo "2478"]

1.e4 c5 2.Nf3 Nc6 3.Bb5 e6 4.O-O Nge7 5.d4 cxd4 6.Nxd4 Ng6 7.Be3 Qc7 8.Be2 a6
9.c4 Be7 10.Nc3 O-O 11.Rc1 Bf6 12.c5 Rd8 13.Nxc6 dxc6 14.Qc2 Nf4 15.Bc4 e5
16.Na4 Be6 17.Nb6 Rab8 18.g3 Bh3 19.Rfd1 Bg4 20.Re1 Bf3 21.Bf1 Ne6 22.h4 Nd4
23.Bxd4 Rxd4 24.Re3 Bg4 25.Be2 Be6 26.Rd1 Rbd8 27.a3 g6 28.b4 h5 29.Rxd4 Rxd4
30.Bc4 Bg4 31.f3 Be6 32.Bxe6 fxe6 33.Nc4 Qd7 34.Kf2 g5 35.hxg5 Bxg5 36.Re1 h4
37.Rh1 Rxc4 38.Qxc4 Qd2+ 39.Kf1 Be3 40.Qe2  1-0

[Event "chess.com Speed 2019"]
[Site "chess.com INT"]
[Date "2019.10.01"]
[Round "1.27"]
[White "Nakamura,Hi"]
[Black "Dobrov,V"]
[Result "1-0"]
[WhiteElo "2745"]
[BlackElo "2478"]

1.b3 d5 2.Bb2 Bg4 3.Nf3 Bxf3 4.exf3 Nd7 5.g3 Ngf6 6.f4 g6 7.Bg2 c6 8.O-O Bg7
9.d3 O-O 10.Nd2 Ne8 11.d4 Nd6 12.Nf3 a5 13.a3 a4 14.Ne5 Re8 15.Re1 e6 16.h4 h5
17.Bh3 Nf5 18.b4 Bxe5 19.fxe5 Nb6 20.Bc1 Nc4 21.Bg5 Qb6 22.c3 Kh7 23.Bf6 Rh8
24.Qc1 Qc7 25.Qg5 Qd7 26.Re2 Ng7 27.Kg2 Kg8 28.Ree1 Rh7 29.Kh2 Re8 30.Bf1 b5
31.Bd3 Nf5 32.Kg2 Nh6 33.f3 Kf8 34.Re2 Ng8 35.g4 Nxf6 36.exf6 Qd6 37.Bxc4 dxc4
38.Re5 Rd8 39.Rae1 Ke8 40.Rxe6+ fxe6 41.Qxg6+ Rf7 42.g5 Qf8 43.Rxe6+ Kd7
44.Qe4 Kc7 45.Qxc6+ Kb8 46.Qxb5+ Rb7 47.Rb6 Rd7 48.Qxd7 Rxb6 49.f7 Rd6 50.Qe8+  1-0